| 000 | 00898cab a2200253 4500 | ||
|---|---|---|---|
| 001 | WB2813-28 | ||
| 008 | 090401t1992 xxu||||| |||| 00| 0 eng d | ||
| 035 | _a(Sirsi) u63910 | ||
| 041 | _aeng | ||
| 245 | _aSiting of caravan | ||
| 260 | _c1992 | ||
| 350 | _a0 | ||
| 490 |
_aEstates Gazette Case Summaries _v(1992) EGCS 3791) (21/3/92) |
||
| 520 | _a"Gattward v SoS for the Environment and another" QBD 11 March 1992. An inspector was found to have failed to set out what did constitute essential need and what visual intrusion was acceptable in his decision on the siting of a caravan in an environmentally sensitive area. | ||
| 650 | _aCARAVANS | ||
| 650 | _aESSENTIAL NEED | ||
| 650 | _aLAKE DISTRICT | ||
| 650 | _aMATERIAL CHANGE OF USE | ||
| 650 | _aREASONING | ||
| 650 | _aVISUAL AMENITY | ||
| 690 | _aPLANNING LAW AND PRACTICE-CASE LAW | ||
| 942 | _n0 | ||
| 948 | _c04/03/1997 | ||
| 999 |
_c39765 _d39765 |
||